000
00321nam a2200133Ia 4500
008
231129s1968||||xx |||||||||||||| ||spa||
040
_b
spa
082
_a
Co863 T124p
100
_a
Tafur Humberto
245
0
_a
La paz de los carteles: cuentos
260
_c
1968
264
_a
Imprenta Departamental
942
_2
ddc
_c
BKS
999
_c
17883
_d
17883